Manual de diseño: construcción, montaje y aplicación de envolventes para la vivienda de madera
Պահպանված է:
| Հիմնական հեղինակներ: | , |
|---|---|
| Ձևաչափ: | Գիրք |
| Լեզու: | իսպաներեն |
| Հրապարակվել է: |
Santiago
Pontificia Universidad Católica de Chile
2012
|
| Հրատարակություն: | 2a. ed |
| Խորագրեր: | |
| Ցուցիչներ: |
Ավելացրեք ցուցիչ
Չկան պիտակներ, Եղեք առաջինը, ով նշում է այս գրառումը!
|
MARC
| LEADER | 00000cam a2200000 a 4500 | ||
|---|---|---|---|
| 001 | UCD0979 | ||
| 003 | CL-VaPUC | ||
| 008 | 151231e20120000cl |||||||||||||||||spa|d | ||
| 020 | |a 9789561412767 | ||
| 082 | 0 | 4 | |a 694.6 |b FRI |2 21 |
| 100 | 0 | |a Fritz Durán, Alexander |e author |9 584039 | |
| 700 | 0 | |a Ubilla Sanz, Mario |e author |9 584040 | |
| 245 | 1 | 0 | |a Manual de diseño: construcción, montaje y aplicación de envolventes para la vivienda de madera |
| 250 | |a 2a. ed | ||
| 300 | |a 208 p | ||
| 942 | |c BK | ||
| 945 | |d 20151231 00:35:00 |a arojas | ||
| 260 | |a Santiago |b Pontificia Universidad Católica de Chile |c 2012 | ||
| 650 | 0 | |a Diseño de viviendas |9 268897 | |
| 650 | 7 | |a MADERA DE CONSTRUCCION |2 CL-VaPUC |9 337364 | |
| 650 | 0 | |a Construcción de viviendas |9 266842 | |
| 650 | 0 | |a Carpintería |9 310391 | |
| 583 | |a last modification |c 20151231 00:35:00 |k Rodrigo Vera | ||
| 999 | |c 362411 |d 362409 | ||